| 000 | 01090nam a22003257a 4500 | ||
|---|---|---|---|
| 003 | CHAP | ||
| 005 | 20220817041817.0 | ||
| 008 | 971013s r 00010 d | ||
| 010 | _a25228 | ||
| 011 | _a26200 | ||
| 035 | _a30300 | ||
| 040 | _cCHAP | ||
| 090 | _aFolleto 664 | ||
| 110 |
_aInstituto Internacional de Agricultura _959225 |
||
| 245 | _aGoverment action concerned with agricultural markets and production | ||
| 260 |
_a(s.l.) : _bEl Instituto, _c(19 ?) |
||
| 300 | _a44 p | ||
| 490 |
_aEuropean Conference on Rural life _v; 8 |
||
| 500 | _a"Contributions by the International Institute of Agriculture, 6 | ||
| 590 |
_aBATCH-UPD _b10 _c20130110 _lUCH01 _h1141 |
||
| 590 |
_aBATCH-UPD _b10 _c20130410 _lUCH01 _h0727 |
||
| 590 |
_aBATCH-UPD _b10 _c20130914 _lUCH01 _h1549 |
||
| 590 |
_aCONVERSION _b10 _c20130109 _lUCH01 _h1315 |
||
| 650 | 1 | 4 |
_aAgricultura y Estado. _92035 |
| 650 | 1 | 4 |
_aAgricultura _xAspectos económicos. |
| 830 | 0 |
_aEuropean Conference on Rural life _v; 8 _938886 |
|
| 901 | _aBK | ||
| 942 | _cFOLL | ||
| 949 |
_aFolleto 664 _bBC _cFOLL _d-70272 _eTS1 _i30300 _si |
||
| 999 |
_c25228 _d25228 |
||